00704nam a2200169Ia 450000500170000000800410001702000150005808200130007310000140008624500160010026000400011630000130015650002500016994200060041995200940042599900150051920240815033950.0240331s9999 xx 000 0 und d a058608164X bBARa410 aBarthes,R 0aMythologies aLondonbPaladin Grafton booksc1973 a158 p ., aThe Mythologies, which strikes one at first as being highly poetic and idiosyncratic, later reveals a quasi-technical use of certain terms. This is in part due to an effort to account for the phenomena of mass culture by resorting to new models. cL 001040708LaWERCLbWERCLcSSCd2024-03-31l0o 410 BARp574r2024-03-31w2024-03-31yL c3008d3008